Представление документа в формате RUSMARC

ПолеНазваниеЗначение
  Тип записи a
  Библиографический уровень a
001 Контрольный номер RU/CBS_UL/BASE/264a08db321e46ada8c177fc12be5efa
005 Дата корректировки 20260402144546.2
100 Данные общей обработки __
a Данные общей обработки 20260402 ||| 0rusy0189 ca
101 Язык документа 0_
a Язык текста rus
102 Страна публикации __
a Страна публикации RU
200 Заглавие и сведения об ответственности 1_
a Заглавие Последний идеалист
e Сведения, относящиеся к заглавию [к 90-летию о дня рождения Станислава Говорухина]
f Первые сведения об ответственности А. Шпагин
300 Общие примечания __
a Общие примечания 12+
461 Уровень набора _0
1 2000
a Литературная газета
463 Уровень физической единицы _0
1 2000
a № 12 (25-31 март.)
v С. 11
1 2101
d 2026
1 001RU/CBS_UL/BASE/d7e9fa110f25490faaf433fa434171fe
600 Персоналии _1
a Персоналии (Фамилия) Говорухин
b Персоналии (Имя, инициалы) С.С.
606 Тематические рубрики 0_
a Основная рубрика Говорухин, Станислав Сергеевич (1936-2018)
610 Ключевые слова 0_
a Ключевые слова российские режиссёры; режиссёры; сценаристы; актёры; актёры российские; российские актёры; Народные артисты Российской Федерации; кинорежиссёры
686 Индексы других классификаций __
a Классификационный индекс 85.37
700 Автор _1
a Фамилия Шпагин
b Имя (инициалы) А.
801 Источник записи _0
a Страна RU
b Организация МБУК ЦБС г. Ульяновска
c Дата составления 20260402
g Правила каталогизации RCR
801 Источник записи _1
a Страна RU
b Организация МБУК ЦБС г. Ульяновска
c Дата составления 20260402
g Правила каталогизации RCR
901 Тип документа __
t Тип документа f
w Контрольный № источника RU/CBS_UL/BASE/d7e9fa110f25490faaf433fa434171fe
909 Создатель записи __
a Создатель записи mbo